| 000 | 00565nam a2200193Ia 4500 | ||
|---|---|---|---|
| 003 | OSt | ||
| 005 | 20191226120945.0 | ||
| 008 | 190216s9999||||xx |||||||||||||| ||und|| | ||
| 020 | _a9788122430776 | ||
| 040 | _coclc | ||
| 082 |
_a338.5 _bBAR/I |
||
| 100 |
_aBarthwal, R R _9473 |
||
| 245 | 0 |
_aIndustrial Economics An Introductory Theory / _c R R Barthwal |
|
| 250 | _a3rd ed. | ||
| 260 |
_bNew Age International Publishers, _c2011. _aNew Delhi: |
||
| 300 | _a419p | ||
| 650 | _aEconomics | ||
| 942 |
_cBK _2ddc _h338.5 _iBAR/I _k338.5 _mBAR/I |
||
| 999 |
_c11136 _d11136 |
||